000 00678nam a2200193Ia 4500
003 GCL
005 20240530102417.0
008 140319s9999 xx 000 0 ara d
040 _aGCL /
_cGCL
082 0 4 _a415.1
_bم ك
100 1 _aمحمد ابراهيم عبادة
245 1 0 _aكتاب الجمل فى النحو المنسوب للخليل بن احمد: دراسة تحليلية /
_cمحمد ابراهيم عبادة
260 _a[الاسكندرية] :
_bمنشاة المعارف الاسلامية ،
_c1988
300 _a158 ص
490 _aدراسات لغوية
_v0
650 0 4 _aالنحو
650 0 4 _aاللغة العربية
942 _2ddc
_cBK
999 _c32045
_d32045